Responses for show #4561 - Monday, June 7, 2004

Ken Jennings game 4.

Contestants

[<< previous game]

Clinton Wieden, a college student from Fairview, Oklahoma

Josh Hornik, a product manager from Santa Monica, California

Ken Jennings, a software engineer from Salt Lake City, Utah (whose 3-day cash winnings total $96,201)

[next game >>]

Jeopardy! Round responses

GEOGRAPHIC SAINTS
'60s SITCOMS
I DID IT!
TREATIES
KING, QUEEN OR JACK
CROSSWORD CLUES "S"
    $200 16
Mount St. Helens

Ken
    $200 2
Get Smart

Clinton
    $200 11
the English Channel

Ken
    $200 26
Brazil

Ken
    $200 19
king

Josh
    $200 1
salad

Josh
    $400 17
San Antonio

Clinton
    $400 3
The Monkees

Ken
    $400 12
the National Spelling Bee

Ken
    $400 27
the Mississippi

Josh
    $400 20
Queen

Ken
    $400 7
San Francisco

Clinton
    $600 18
the St. Lawrence

Josh
    $600 4
McHale's Navy

Clinton
    $600 13
Bobby Fischer

Ken
    $600 28
the Hall of Mirrors

Ken
    $600 21
(Alex: Yes, King of Queens is the show.)

jack

Josh
    $600 8
sabbatical

Josh
    $800 24
St. Moritz

Ken
    $800 5
Eddie Haskell

Clinton
    $800 14
John Glenn

Triple Stumper
    $800 29
the Boer War

Josh
    $800 22
king

Ken
    $1,000 9
(Alex: Josh?)
(Josh: ...Don't know.)
(Alex: Which bird brings the babies? The [*]. The [*].)

stork

Josh
    $1000 25
(Josh: What is St. Thomas?)

St. Croix

Josh
Triple Stumper
    $1000 6
Uncle Fester

Clinton
    $1000 15
(Allan) Pinkerton

Ken
    $1000 30
(Clinton: What are the Dardanelles?)
(Alex: We're looking for two.)
(Clinton: Uh... the Vespas.)

the Dardanelles & the Bosporus

KenClinton
    $1000 23
jack

Ken
    $1000 10
solar

Josh

Scores at the first commercial break (after clue 15):

Ken Josh Clinton
$2,600 $800 $3,000

Scores at the end of the Jeopardy! Round:

Ken Josh Clinton
$7,600 $2,400 $2,400

Double Jeopardy! Round responses

RUSSIAN WRITERS
THE WINTER OLYMPICS
FOOD ACROSS AMERICA
BLOODSUCKERS
SECRETARIES OF STATE
"HOME" DEPOT
    $400 5
Chekhov

Ken
    $400 1
Scott Hamilton (or Brian Boitano)

Josh
    $400 10
a peanut

Ken
    $400 26
leeches

Josh
    $400 14
Madeleine Albright

Josh
    $400 15
the home stretch

Clinton
    $800 6
Pasternak

Josh
    $800 2
snowboarding

Josh
    $800 11
(Alex: Talkin' about [*] from the white oak.)

acorns

Triple Stumper
    $800 27
[NOTE: "Culex species" is used as a plural here--i.e., "the various species of the Culex genus".]

mosquito

Triple Stumper
    $800 20
Jefferson

Clinton
    $800 16
home economics

Josh
    $1200 7
(Josh: Who is Dostoevsky?)

Solzhenitsyn

KenJosh
    $1200 3
Bonnie Blair

Josh
    $1200 12
the water

Josh
    $1200 30
the vampire bat

Josh
    $1,800 21
(Clinton: Who is LaGuardia?)

John Foster Dulles

Clinton
    $1200 17
the home front

Ken
    $1600 8
(Alexander) Pushkin

Ken
    $1600 4
slalom

Ken
    $2,000 24
(Alex: Yes, you picked the right one.)

Dunkin' Donuts

Ken
    $1600 29
a tsetse fly

Ken
    $1600 22
(William Jennings) Bryan

Ken
    $1600 18
Coming Home

Ken
    $2000 9
(Maxim) Gorky

Ken
    $2000 13
Innsbruck

Josh
    $2000 25
(Alex: And it's called [*], and we have less than a minute to deal with this last category, Ken.)
(Ken: Well, my dad's a lawyer, so let's take BLOODSUCKERS for $400, please.)
(Alex: Whoa!)
[Laugher]

Bookbinder's

Triple Stumper
    $2000 28
(Josh: What's a Remorae?)

a lamprey

Josh
Triple Stumper
    $2000 23
(Daniel) Webster

Ken
    $2000 19
homeostasis

Triple Stumper

Scores at the end of the Double Jeopardy! Round:

Ken Josh Clinton
$24,800 $8,400 $1,800
(lock game)

[wagering suggestions for these scores]

Final Jeopardy! Round responses

WORDS & PHRASES
ClintonWhat is think tank?
$1,799
JoshWhat is a Think Tank
$4,799
KenWhat is "think tank"?
$5,200
a think tank

Final scores:

Ken Josh Clinton
$30,000 $13,199 $3,599
4-day champion: $126,201 2nd place: $2,000 3rd place: $1,000

Game dynamics:

Coryat scores:

Ken Josh Clinton
$24,400 $9,400 $3,600
25 R
(including 1 DD),
0 W
18 R,
4 W
(including 1 DD)
8 R,
2 W
(including 1 DD)

Combined Coryat: $37,400

The J! Archive is created by fans, for fans. The Jeopardy! game show and all elements thereof, including but not limited to copyright and trademark thereto, are the property of Jeopardy Productions, Inc. and are protected under law. This website is not affiliated with, sponsored by, or operated by Jeopardy Productions, Inc. Join the discussion at JBoard.tv.